Sigurd [ (Record no. 168894)

MARC details
000 -LEADER
campo de control de longitud fija 00705nam a22001935i 4500
001 - NÚMERO DE CONTROL
campo de control 168894
003 - IDENTIFICADOR DE NÚMERO DE CONTROL
campo de control ES-MaACL
005 - FECHA Y HORA DE LA ÚLTIMA TRANSACCIÓN
campo de control 20230906213924.0
008 - DATOS DE LONGITUD FIJA--INFORMACIÓN GENERAL
campo de control de longitud fija 080620s1885 fr |||| | fre d
080 ## - NÚMERO DE LA CLASIFICACIÓN DECIMAL UNIVERSAL
Número de la Clasificación Decimal Universal 782.089.6
100 1# - ENTRADA PRINCIPAL--NOMBRE DE PERSONA
Nombre de persona Reyer, Ernest.
9 (RLIN) 137928
245 10 - MENCIÓN DEL TÍTULO
Título Sigurd [
Medio música impresa]
Resto del título : opéra en 4 actes et 9 tableaux /
Mención de responsabilidad, etc. de Camille du Locle et Alfred Blau ; musique de E. Reyer.
260 ## - PUBLICACIÓN, DISTRIBUCIÓN, ETC.
Lugar de publicación, distribución, etc. Paris :
Nombre del editor, distribuidor, etc. G. Hartmann,
Fecha de publicación, distribución, etc. [1885]
300 ## - DESCRIPCIÓN FÍSICA
Extensión 1 partitura vocal (503 p.) ;
Dimensiones 28 cm.
650 14 - PUNTO DE ACCESO ADICIONAL DE MATERIA--TÉRMINO DE MATERIA
Término de materia o nombre geográfico como elemento de entrada Óperas-
Subdivisión general Partituras vocales.
9 (RLIN) 137997
700 1# - ENTRADA AGREGADA--NOMBRE PERSONAL
Nombre de persona Locle, Camille du.
9 (RLIN) 137929
700 1# - ENTRADA AGREGADA--NOMBRE PERSONAL
Nombre de persona Blau, Alfred.
9 (RLIN) 138022
852 4# - LOCALIZACIÓN
Ubicación ES-MaACL
Número de control de estantería L-29310
itemnumber R.143661
Nota libre Biblioteca Jacinto Martínez Lacalle
Holdings
Estatus retirado Estado de pérdida Fuente del sistema de clasificación o colocación Estado de daño No para préstamo Colección Biblioteca de origen Biblioteca actual Ubicación en estantería Fecha de adquisición Total de préstamos Signatura topográfica completa Código de barras Visto por última vez Precio de reemplazo Tipo de ítem Koha
    Clasificación decimal universal     Libros del s. XIX Biblioteca del Ateneo de Madrid Biblioteca del Ateneo de Madrid Depósito 2 20/06/2008   L-29310 1177252 23/02/2023 23/02/2023 Partitura